Törvényszéki ügyrend

Informácie predsedu Kráľovského krajského súdu v Rimavskej Sobote Alexandra (Sándora) Kolbayho o stránkových hodinách pre verejnosť.

Podrobná bibliografia
Médium: Článok
Jazyk:Hungarian
Témy:
Zdroj: 1. Gömöri Ujság : Szépirodalmi, társadalmi és közgazdasági hetilap 1. Roč. I, č. 1 (3. 4. 1910), s. 6.
LEADER 01130nab#a2200337#ar4500
001 000124624
003 SVKKK
005 20181205115018.0
008 181205c1910 xo |||||||||||||||b|hun
FMT
015 |a SNBRB2013/ 
038 |a SVKKK 
040 |a SVKKK  |b slo  |e AACR2 
041 0 |a hun 
044 |a xo  |c SK 
080 |a 347.995  |2 2011 
242 1 0 |a Jednací poriadok  |y slo 
245 1 0 |a Törvényszéki ügyrend 
520 2 |a Informácie predsedu Kráľovského krajského súdu v Rimavskej Sobote Alexandra (Sándora) Kolbayho o stránkových hodinách pre verejnosť. 
600 1 4 |a Kolbay, Sándor (Alexander)  |x sudca  |u Kráľovský krajský súd  |z Rimavská Sobota (Slovensko)  |y 1910 
648 0 4 |a 1910 
650 0 4 |a Kráľovský krajský súd  |x nariadenia o otváracích hodinách  |y 1910  |z Rimavská Sobota (Slovensko) 
651 4 |a Rimavská Sobota (Slovensko) 
655 # 4 |a hungariká 
773 0 |t Gömöri Ujság : Szépirodalmi, társadalmi és közgazdasági hetilap  |g Roč. I, č. 1 (3. 4. 1910), s. 6. 
958 |a HU 
974 |a ebl 
992 |a RBX 
BAS
852 |a SVKKK  |b BIB 
998 |a RETRO